El Estado en la periferia capitalista, versión española del autor corregida y aumentada

Guardado en:
書目詳細資料
主要作者: Evers, Tilman
格式: Texto
出版: México D.F: Siglo XXI
版:2
標簽: 添加標簽
沒有標簽, 成為第一個標記此記錄!

MARC

LEADER 00000 a a2200000 04500
001 23593
003
040
020 |a 968-23-0531-9  
090 |a 162400  
100 |a Evers, Tilman  
245 |a El Estado en la periferia capitalista, versión española del autor corregida y aumentada  
250 |a 2  
260 |a México D.F:   |b Siglo XXI  
300 |a 230 p  
999 |c 2819  |d 2819